Slovak Cultural and Information Centre, Toronto, Canada first year anniversary : november 2, 1996

Bibliographic Details
Format: Book
Language:Slovak
PhysicalDescription:[24] s. fotogr., obr. 27 cm
Published: Toronto Slovenské kultúrne a informačné stredisko 1996
Subjects:

MARC

LEADER 00000cam a2200000 a 4500
001 vtls001278560
003 SK-MaSNL
005 20260301113309.0
008 251124s1996 xxca r 00000 slo
015 |a SNBZSA1997-00219 
035 |a SNK000229879 
040 |a SNK  |b slo  |c SNK  |e AACR2 
041 0 |a slo 
044 |a xxc  |c CA 
080 |a 061.66:323.113(=854)(71)"1995/1996" =20=854  |2 1981 
245 1 |a Slovak Cultural and Information Centre, Toronto, Canada  |b first year anniversary : november 2, 1996 
246 1 0 |a Slovenské kultúrne a informačné stredisko 
260 |a Toronto  |b Slovenské kultúrne a informačné stredisko  |c 1996 
300 |a [24] s.  |b fotogr., obr.  |c 27 cm 
500 |a Súbež. náz. slov. Text aj slov. 
610 2 7 |a Slovenské kultúrne a informačné stredisko (Toronto, Ont.)  |2 SNK  |9 32864 
655 7 |a jubilejné publikácie  |2 SNKPH  |9 70339 
958 |a ZS 
958 |a TL 
958 |a CA 
999 |c 713629  |d 715559 
952 |t P60, <03>, [BOOK], {603}  |a SNK  |b SNK  |y PREZ  |7 0  |p 17A0032560  |o snkOSB 11333  |i snkV 725/97  |g 1.66  |0 0  |1 0  |4 0  |d 1997-03-04  |l 0  |r 2005-01-02 00:00:00  |w 2026-02-23